1347 1380 2000 1910 1680 1118 1931 1586 1176 1485 1742 1953 1742 1997 1368 1670 1798 1484 1261 1871 1716 1033 1485 1985 1481 1561 1201 1037 1295 1322 1255 1379 1041 1850 1256 1244 1710 1619 1896 1857 1073 1599 1931 1218 1670 1889 1532 1978 1129 1877 1549 1359 1397 1454 1582 1670 1729 1930 1905 1884 1689 1499 1039 1795 1305 1555 1792 1113 1893 1482 1880 1130 1420 1267 1208 1900 1924 1117 1876 1131 1583 1035 1601 1564 1717 1969 1197 1203 1159 1943 1622 1265 1241 1508 1295 1298 1326 1253 1483 BCNSPRNW ULIB Ver.6.0+V

เปลี่ยนเป็นภาษาไทย

Change to English
 แสดงรายละเอียดบรรณานุกรม
  กลับหน้าหลัก

Brief Record : Get Marc (ISO 2709) : E-mail record : QR code < ปิดหน้าต่าง
LEADER : 00000nam 2200000uu 4500
001    13399112497
003     ULIB
008    110627s2552||||th 000 0 tha d
020    9786110600248
090    นว.^bม756L 2552
100 0  เมย์ 112
245 00 Lovey brother แผนรักร้ายของ(พี่)ชายจอมเจ้าเล่ห์/^cเมย์ 112
250    พิมพ์ครั้งที่ 1
260    กรุงเทพฯ :^bแจ่มใส,^c2552
300    195 หน้า
710 1  แจ่มใส
945    ^p149^l0^i026131
995    ทศพร
999 ^a ใช้งานได้ทุกระบบ
รายการนี้ยังไม่มีแท็ก
คุณยังไม่ได้ล็อกอิน คุณสามารถมีกิจกรรมร่วมกับเว็บไซต์ได้ แต่ต้องล็อกอินก่อน ::
  ล็อกอิน

รายการสื่อสารสนเทศ

ลำดับที่ ประเภท เลขเรียก/บาร์โค้ด สถานที่ สถานะ
- ไม่พบข้อมูล -

รายการใกล้เคียง
    ผู้แต่ง [เมย์ 112]

BibComment


ยังไม่เคยถูกคอมเมนท์

คอมเมนท์ทรัพยากรรายการนี้
  คอมเมนท์: Lovey brother แผน..


 Copyright 2026. Bcnsprnw @Library